Aspects of Management Ethics in the Czech Republic

Vybrané aspekty etiky manažmentu, ktoré môžu byť veľmi dôležitým faktorom ovplyvňujúcim správanie a výkonnosť zamestnancov. Analýza vybraných aspektov etiky manažmentu v českom podnikateľskom prostredí a závažnosť problémov etiky manažmentu. Dva hlavné prístupy: etika riadenia a etické vedenie.

Gespeichert in:
Bibliographische Detailangaben
1. Verfasser: Maňák, Radim
Weitere Verfasser: Fialová, Vendula
Format: Buchkapitel
Sprache:Englisch
Schlagworte:
Tags: Tag hinzufügen
Keine Tags, Fügen Sie das erste Tag hinzu!

MARC

LEADER 00000naa a2200000 4500
001 0277853
005 20210817074555.6
041 0 |a eng 
044 |a SK 
245 1 0 |a Aspects of Management Ethics in the Czech Republic  |c Radim Maňák, Vendula Fialová 
520 |a Vybrané aspekty etiky manažmentu, ktoré môžu byť veľmi dôležitým faktorom ovplyvňujúcim správanie a výkonnosť zamestnancov. Analýza vybraných aspektov etiky manažmentu v českom podnikateľskom prostredí a závažnosť problémov etiky manažmentu. Dva hlavné prístupy: etika riadenia a etické vedenie. 
610 2 0 |a etika 
610 2 0 |a etika manažérska 
610 2 0 |a riadenie 
610 2 0 |a manažment 
610 2 0 |a Česko 
610 2 0 |a vedenie 
100 1 |a Maňák, Radim 
700 1 |a Fialová, Vendula